El trabajo social clinico es legitimo/ (Registro nro. 9654)

Detalles MARC
000 -LEADER
fixed length control field 00935nam a2200205Ia 4500
005 - FECHA Y HORA DE LA ÚLTIMA TRANSACCIÓN
control field 20231006161613.0
008 - FIXED-LENGTH DATA ELEMENTS--GENERAL INFORMATION
fixed length control field 231003s9999 xx 000 0 und d
020 ## - INTERNATIONAL STANDARD BOOK NUMBER
International Standard Book Number 9788411442848
040 ## - CATALOGING SOURCE
Original cataloging agency UPAN
Transcribing agency Biblioteca San Vicente
Description conventions RCAA34
041 ## - LANGUAGE CODE
Language code of text/sound track or separate title spa
082 ## - DEWEY DECIMAL CLASSIFICATION NUMBER
Classification number 361.32
Item number R333
año de publicación 2022
100 ## - MAIN ENTRY--PERSONAL NAME
Personal name Regalado, Jonathan
Relator code aut.
245 #0 - TITLE STATEMENT
Title El trabajo social clinico es legitimo/
Remainder of title Jonathan Regalado
250 ## - EDITION STATEMENT
Edition statement 3ª ed.
260 ## - PUBLICATION, DISTRIBUTION, ETC. (IMPRINT)
Place of publication, distribution, etc España:
Name of publisher, distributor, etc Letrame,
Date of publication, distribution, etc 2022
300 ## - PHYSICAL DESCRIPTION
Extent 165 p.;
Dimensions 23 cm.
505 ## - FORMATTED CONTENTS NOTE
Formatted contents note 1. Qué es el trabajo social clínico<br/>2. Roles, funciones y servicios del trabajo social clínico<br/>3. El trabajo social clínico en España<br/>4. La opresión disciplinar<br/>5. Respondiendo a la opresión evidencias, no con creencias<br/>6. A modo de conclusión <br/>7. Manifiesto de lucha por la legitimidad y consolidación del trabajo social clínico en España
650 ## - SUBJECT ADDED ENTRY--TOPICAL TERM
Source of heading or term LEMB
Topical term or geographic name as entry element Clínico
General subdivision Trabajo social
942 ## - ADDED ENTRY ELEMENTS (KOHA)
Koha item type Libros
Source of classification or shelving scheme Dewey Decimal Classification
Existencias
Withdrawn status Lost status Source of classification or shelving scheme Damaged status Not for loan Collection code Home library Current library Date acquired Total Checkouts Full call number Barcode Date last seen Copy number Price effective from Koha item type
    Dewey Decimal Classification     Colección General Biblioteca UPAN San Vicente Biblioteca UPAN San Vicente 03/10/2023   361.32 R333 12004349 03/10/2023 01 03/10/2023 Libros